[Event "2nd Silman TNM: 2000+"]
[Site "San Francisco"]
[Date "2025.06.10"]
[Round "6.1"]
[White "Heimann, Mark"]
[Black "Coyne, Theodore James"]
[Result "1-0"]
[Annotator "Winslow,Elliott"]
[WhiteElo "2597"]
[BlackElo "2263"]
[PlyCount "91"]
[GameId "2187700216666148"]
[EventDate "2025.??.??"]

{[%evp 9,90,13,10,12,8,11,17,13,15,23,19,21,24,0,0,0,10,-44,-45,-44,-5,-16,-11,-18,-17,-13,-15,-10,-13,-3,-4,-1,-24,-13,0,-8,36,45,313,313,334,336,338,336,340,339,432,-263,422,374,427,371,405,365,451,421,448,323,407,384,554,420,583,372,563,332,588,424,506,425,537,530,590,559,555,513,539,515,29996,29997,29998,29999,29999]} 1. e4 {[%emt 0:00:34]} e5 {[%emt 0:00:11]} 2. Nf3 {[%emt 0:00:06]} Nc6 {[%emt 0:00:04]} 3. Bb5 {[%emt 0:00:04]} Nf6 {[%emt 0:00:29]} 4. d3 {[%emt 0:00:06]} Bc5 {[%emt 0:00:10]} 5. Bxc6 {[%emt 0:00:18]} dxc6 {[%emt 0:00:06]} 6. Nbd2 {[%emt 0:00:05] C65: Ruy Lopez: Berlin Defence (3...Nf6), unusual lines and 4 0-0 Bc5.} (6. Nxe5 $2 Qd4 7. Be3 Qxe5 $19) 6... Be6 {[%emt 0:03:16]} 7. O-O {[%emt 0:02:19]} (7. Nxe5 $2 Qd4 8. Rf1 Qxe5 $19) 7... Bd6 {[%emt 0:03:08]} 8. d4 {[%emt 0:07:46] The position is equal. 8.Nb3 gains popularity.} Nd7 {[%emt 0:00:39]} 9. dxe5 {[%emt 0:09:08]} Nxe5 {[%emt 0:00:21]} 10. Nxe5 {[%emt 0:00:12]} Bxe5 {[%emt 0:00:06] This pair of bishops is nice.} 11. Qh5 $6 $146 {[%emt 0:00:13]} (11. f4 $1 Bd4+ 12. Kh1 f5 13. Qh5+ g6 14. Qe2 O-O (14... fxe4 $1 15. Nxe4 (15. Qxe4 $6 Qd5 16. Re1 Kd7) 15... O-O 16. Rd1 Re8 17. Be3 (17. c3 c5 18. cxd4 Bd5 19. dxc5 Rxe4 20. Qxe4 Bxe4 21. Rxd8+ Rxd8) 17... c5 18. Bxd4 cxd4 19. c3 c5 20. Qb5 Bf7 21. Nxc5 Qb6 22. a4 Rad8 23. Rxd4 Rxd4 24. cxd4 Re7 25. Qxb6 axb6 26. Nd3 Re2 $44 {(0.00/d39)}) 15. Rd1 (15. Nf3 Bf6 16. Rd1 Qe8) 15... Qe8 16. e5 Bc5 17. Nb3 {1-0 (40) Robson,R (2693)-Niemann,H (2733) Saint Louis 2024}) 11... Bf6 {[%emt 0:20:56]} 12. Nf3 {[%emt 0:01:37] Repels Qd4} Qd7 $11 {[%emt 0:03:27]} (12... h6 $11) 13. Qc5 $6 {[%emt 0:07:14]} (13. h3 $11) (13. Bg5 $11) 13... b6 $15 {[%emt 0:14:46]} 14. Qa3 {[%emt 0:00:53]} Qd6 {[%emt 0:08:19]} (14... a5 $1 $15 {is superior.}) 15. Qe3 {[%emt 0:00:45]} Be7 {[%emt 0:00:49]} 16. b3 {[%emt 0:05:46]} O-O-O {[%emt 0:02:53]} 17. Bb2 {[%emt 0:00:36]} Rhg8 {[%emt 0:01:51]} 18. Qe2 {[%emt 0:10:55]} Kb7 $1 {[%emt 0:04:53]} 19. a4 {[%emt 0:01:38]} a5 {[%emt 0:03:55]} 20. e5 {[%emt 0:01:50]} Qd7 {[%emt 0:01:01]} 21. Rad1 {[%emt 0:00:58] Inhibits c5.} Qc8 {[%emt 0:00:56]} 22. Nd4 $36 {[%emt 0:00:36][%cal Od4c6][%mdl 2048] Threatens to win with Nxc6!. White has the initiative.} Bc5 {[%emt 0:01:51]} (22... Bd7 $11) 23. Nxc6 $1 $14 {[%emt 0:09:09][%csl Od8][%mdl 64] Discovered Attack, Decoy} Kxc6 $4 {[%emt 0:04:05][%mdl 8192]} (23... Rxd1 $1 $14 24. Rxd1 Bd7 (24... Kxc6 25. Qf3+) (24... Bg4 $2 25. Qe4 $18)) 24. Qf3+ $18 {[%emt 0:05:29]} Bd5 {[%emt 0:00:37] [#]} 25. Rxd5 {[%emt 0:00:05][%mdl 512]} Rxd5 {[%emt 0:00:05]} 26. c4 {[%emt 0:00:25][%csl Gc4][%cal Rf3d5][%mdl 64] Pin} Qe6 {[%emt 0:00:21]} (26... Bxf2+ $2 27. Rxf2 Kb7 28. cxd5 $18) 27. Rd1 {[%emt 0:00:20][%mdl 64] Pin} Rgd8 {[%emt 0:00:24]} (27... Bxf2+ $2 28. Kxf2 Kb7 29. cxd5 $18) 28. g4 {[%emt 0:03:51][%mdl 8192] [#]} (28. cxd5+ $18 Rxd5 29. h4) 28... Be7 $4 {[%emt 0:04:06][%mdl 8192]} 29. h3 {[%emt 0:01:53]} g6 {[%emt 0:01:52][%cal Bg7g6,Bg6f5][%mdl 32]} 30. Rd4 {[%emt 0:04:27][%mdl 64] Pin} Bg5 {[%emt 0:05:44]} 31. Qe4 {[%emt 0:01:03][%mdl 64] Pin} f5 {[%emt 0:01:36]} 32. gxf5 {[%emt 0:03:42]} gxf5 {[%emt 0:00:07]} 33. Qf3 {[%emt 0:00:50][%mdl 64] Pin} Bh6 {[%emt 0:01:35][%cal Oe6e5]} 34. Kf1 {[%emt 0:08:32][%cal Bg1f1,Bf1e2,Be2d2,Bd2c2,Bc2b1][%mdl 32]} (34. cxd5+ Rxd5 35. Rxd5 Qg8+ 36. Kh2 Qxd5 37. Qxf5 Kb7 $16) 34... Bg7 {[%emt 0:01:15]} (34... Kb7 $142 35. Rxd5 (35. cxd5 Qxe5 36. d6+ c6 $11) 35... Kc8) 35. Qg2 {[%emt 0:00:32][%mdl 64] Pin} (35. Rxd5 Rxd5 36. cxd5+ Qxd5 37. Qxf5 Qxb3 $16) 35... Bf8 {[%emt 0:08:24]} 36. f4 Bc5 {[%emt 0:02:56]} (36... Qg6 37. cxd5+ Kd7 38. Qxg6 hxg6) 37. Rd3 {[%emt 0:00:14][%mdl 64] Pin} R8d7 $2 {[%emt 0:00:16]} (37... Kb7 {is a better defense.}) 38. Ke2 {[%emt 0:00:22]} Qf7 {[%emt 0:00:21]} 39. Kd2 {[%emt 0:00:50]} Bb4+ {[%emt 0:00:34]} 40. Kc2 {[%emt 0:00:05]} Kc5 {[%emt 0:00:26]} 41. Qf2+ {[%emt 0:01:02]} (41. Rxd5+ Rxd5 42. cxd5 Qxd5 $11) 41... Kc6 {[%emt 0:00:13]} 42. Qf3 {[%emt 0:00:15][%mdl 64] Pin} Qe6 {[%emt 0:00:23]} 43. Kb1 {[%emt 0:00:31]} Kc5 {[%emt 0:00:39]} (43... Qg8 $18 44. Ka2 (44. cxd5+ Rxd5 45. Rd1 Be7 $18) 44... Bf8 45. cxd5+ Kb7 46. d6+ c6) 44. cxd5 {[%emt 0:00:22] White mates.} ({Weaker is} 44. Rxd5+ Rxd5 45. Qf2+ Kc6 $14) 44... Rxd5 {[%emt 0:00:11] [#]} 45. Rc3+ $1 {[%emt 0:00:05][%mdl 576] Skewer} Bxc3 {[%emt 0:00:43]} (45... Kd4 46. Qe3#) {An excellent game by Heimann.   Weighted Error Value: White=0.57/Black=0.85} 46. Qxc3# {[%emt 0:00:03]} 1-0

[Event "2nd Silman TNM: 2000+"]
[Site "San Francisco"]
[Date "2025.06.10"]
[Round "6.2"]
[White "Bayaraa, Chinguun"]
[Black "Suarez, Sebastian"]
[Result "1-0"]
[Annotator "TA"]
[WhiteElo "2176"]
[BlackElo "2200"]
[PlyCount "103"]
[GameId "2187700216666149"]
[EventDate "2025.??.??"]

{[%evp 15,103,-6,-15,-22,-23,-27,-30,-39,-11,-18,6,-25,-20,-35,-10,-11,-7,-14,-13,-149,-146,-132,-146,-146,-150,-149,-142,-163,-111,-143,-72,-70,-71,-191,-182,-234,-163,-154,-93,-104,-92,-124,-84,-89,-65,-125,-118,-115,-106,-113,0,-191,-181,-355,-309,-304,-29,-112,-102,-255,143,123,259,219,225,224,216,154,241,240,333,193,524,517,504,440,601,600,582,567,654,599,837,781,1109,993,29986,29987,29991,19872]} 1. Nf3 {[%emt 0:00:19]} d5 {[%emt 0:00:08]} 2. d4 {[%emt 0:00:21]} Nf6 {[%emt 0:00:10]} 3. g3 {[%emt 0:00:15]} Bf5 {[%emt 0:00:42]} 4. Bg2 {[%emt 0:00:07]} h6 {[%emt 0:00:34]} 5. O-O {[%emt 0:00:08]} e6 {[%emt 0:00:16]} 6. c4 {[%emt 0:00:16]} c6 {[%emt 0:00:19]} 7. Qb3 {[%emt 0:00:14]} Qb6 {[%emt 0:00:35]} 8. Nc3 {[%emt 0:02:05]} Be7 {[%emt 0:00:24]} 9. Qa4 {[%emt 0:07:24] D11: Slav Defence: 3 Nf3 sidelines and 3...Nf6 4 e3 Bg4.} O-O {[%emt 0:05:27]} 10. c5 {[%emt 0:00:35]} Qd8 {[%emt 0:05:46]} 11. b4 {[%emt 0:00:56] Black has an edge.} Ne4 $146 {[%emt 0:24:14]} (11... b5 12. Qb3 a5 13. Bf4 axb4 14. Qxb4 Ne4 15. Nd2 e5 16. Ndxe4 exf4 17. Nd2 Bf6 {0-1 (29) Nemov,A (2110)-Geller,J (2548) Togliatti 2014}) 12. Bb2 {[%emt 0:00:42]} a6 {[%emt 0:04:08]} 13. Rfd1 {[%emt 0:01:56]} Nd7 {[%emt 0:01:20]} 14. Qb3 {[%emt 0:02:25]} Re8 {[%emt 0:03:45]} 15. a4 {[%emt 0:01:12]} b6 {[%emt 0:02:20] Black wants to play ...a5.} 16. Nxe4 {[%emt 0:01:18]} Bxe4 {[%emt 0:01:41]} 17. Rac1 {[%emt 0:16:04]} (17. Ne5 $11 Nxe5 18. Bxe4 dxe4 19. dxe5) 17... a5 $17 {[%emt 0:12:39]} 18. Ba3 {[%emt 0:14:20]} axb4 {[%emt 0:00:22]} 19. Bxb4 {[%emt 0:00:07]} bxc5 {[%emt 0:00:39]} 20. dxc5 {[%emt 0:00:11]} Qc7 {[%emt 0:00:54]} 21. Nd4 {[%emt 0:03:16]} Bg6 {[%emt 0:02:44]} (21... Bxg2 $19 22. Kxg2 Reb8) 22. e4 {[%emt 0:00:30]} Rab8 {[%emt 0:03:55]} (22... dxe4 23. Nxe6 Qb7 24. Nd4 $17 (24. Nxg7 Reb8 $17)) (22... Bxe4 $142 23. Bxe4 (23. Nxe6 $2 fxe6 24. Bxe4 Reb8 $19) 23... dxe4 24. Nxe6 Qc8) 23. exd5 {[%emt 0:02:02]} exd5 {[%emt 0:00:02][%cal Oe7c5]} 24. Qc3 {[%emt 0:04:07]} (24. Qa3 $17) 24... Qb7 $1 $19 {[%emt 0:04:59]} 25. Ba3 {[%emt 0:01:48]} (25. Qa1 $142) 25... Qa8 {[%emt 0:05:44]} 26. a5 {[%emt 0:01:48][%cal Ba4a5,Ba5a6][%mdl 32]} Ne5 {[%emt 0:03:29]} (26... Bf6 $142 27. Ra1 Rb5) 27. f4 $17 {[%emt 0:06:18]} Nd7 {[%emt 0:05:44]} 28. Bf1 {[%emt 0:02:22]} Nf6 {[%emt 0:01:20]} (28... Bf6 $142 {...Nf8 is the strong threat.} 29. Bb2 Nf8) 29. a6 {[%emt 0:00:30]} Ne4 {[%emt 0:03:43][%csl Oe4] Strong Square Black (e4)} 30. Qa5 {[%emt 0:00:11]} ({White should play} 30. Qf3 $1 $15) 30... Bh5 {[%emt 0:01:21]} (30... Bd8 31. Qa4 Rc8 32. Bb2 $11) 31. Rd3 {[%emt 0:03:29]} Bf6 {[%emt 0:00:57]} (31... Bd8 32. Qa4 Rc8 33. h3 $14) 32. Qa4 {[%emt 0:00:26] [#]} Rbc8 {[%emt 0:00:24]} (32... Bg4 $1 $17) 33. Bh3 $2 {[%emt 0:01:32]} (33. Bb2 $11) 33... Rc7 $19 {[%emt 0:00:38]} 34. g4 $2 {[%emt 0:13:27]} (34. Rb1 Ra7 35. Rb6 Bxd4+ 36. Qxd4 (36. Rxd4 $2 Nc3 $19)) 34... Bg6 {[%emt 0:05:29]} 35. f5 {[%emt 0:00:18] [#]} Bh7 {[%emt 0:00:04]} (35... Ra7 $1 $19 {[%cal Ra7a6]} 36. fxg6 Rxa6 37. gxf7+ Kxf7) 36. Bf1 {[%emt 0:01:36]} (36. Bb2 $1 $11 {keeps the balance.}) 36... h5 $17 {[%emt 0:00:05]} 37. h3 $2 {[%emt 0:00:59]} (37. Bb2 $17) 37... Bg5 $2 {[%emt 0:00:39]} (37... Ra7 $1 $19 38. Re3 hxg4 39. Nxc6 Nd2 40. Rxe8+ Qxe8 41. hxg4 Qe3+ 42. Kh1 Nf3) 38. Rb1 {[%emt 0:01:40]} Nf6 {[%emt 0:00:34]} (38... hxg4 $16 39. hxg4 Nf6) 39. Bc1 {[%emt 0:01:45]} Bxc1 {[%emt 0:00:13]} 40. Rxc1 {[%emt 0:00:04]} hxg4 {[%emt 0:00:27]} 41. hxg4 {[%emt 0:03:56]} Nxg4 {[%emt 0:00:01]} (41... Re4 $16 {might work better.}) 42. Rg3 $18 {[%emt 0:00:39] Active counter play!} Ne3 {[%emt 0:01:51]} 43. Qa5 {[%emt 0:00:59]} (43. Bd3 $142) 43... Rd7 $2 {[%emt 0:00:33]} (43... Rce7) 44. Qc3 {[%emt 0:00:05]} Bxf5 {[%emt 0:00:39]} 45. Rxe3 {[%emt 0:00:29]} Rxe3 {[%emt 0:00:20]} 46. Qxe3 {[%emt 0:00:05]} Be4 {[%emt 0:00:10]} 47. Qg3 {[%emt 0:00:47]} Rd8 {[%emt 0:00:59]} 48. Qc7 {[%emt 0:00:26]} Re8 {[%emt 0:00:34]} 49. Rc3 {[%emt 0:00:39][%cal Bc1c3,Bc3b3,Bb3b8][%mdl 32]} ({Not} 49. Qxc6 Qd8 50. Rc3 (50. Bg2 Bxg2 51. a7 Bh1 $11) 50... Qg5+ 51. Kf2 Qe5 $18) 49... Bg6 {[%emt 0:00:30]} 50. Rb3 {[%emt 0:00:41][%cal Oa6a7] White threatens a7! and mate.} Rf8 {[%emt 0:00:31]} 51. Nxc6 {[%emt 0:00:30]} Bh5 {[%emt 0:00:30]} {Weighted Error Value: White=0.40/Black=0.92} 52. Rb8 {[%emt 0:00:12]} 1-0

[Event "2nd Silman TNM: 2000+"]
[Site "San Francisco"]
[Date "2025.06.10"]
[Round "6.3"]
[White "Das, Rohan"]
[Black "Shrauger, Alex Hayden"]
[Result "1/2-1/2"]
[Annotator "Winslow,Elliott/TA"]
[WhiteElo "2099"]
[BlackElo "2206"]
[PlyCount "191"]
[GameId "2187700216698918"]
[EventDate "2025.??.??"]

{[%evp 16,191,72,26,116,64,113,115,119,61,64,72,100,42,93,-39,41,-70,-63,-71,-77,-71,-73,-71,-47,0,-43,-40,-41,-47,-45,-63,312,310,306,306,301,293,291,289,356,352,381,339,352,360,336,27,21,72,278,-453,-436,-430,-328,-325,-327,-297,-323,-318,-319,-318,-306,-461,-215,-145,0,0,-25,-3,0,-45,-56,-52,-103,-597,-553,-563,-190,-562,-554,-536,-543,-529,-611,-580,-582,-625,-482,-553,-531,-659,-627,-704,-681,-802,-724,-722,-682,-658,-600,-625,-611,-1415,-994,-747,-705,-1315,-686,-4710,-3645,-2206,0,-1826,-923,-1230,-867,-3197,-666,-7639,-8314,-6941,-43,-5319,-5483,-7362,-8270,-8254,0,-5208,-7127,-7907,0,0,0,0,0,-6922,0,-5788,-8314,-7419,-5812,-7843,-6218,-6137,-5969,-4130,-1340,-660,0,0,0,0,0,0,0,0,0,0,0,0,0,0,0,0,0,0,0,0,0,0,0,0,0,0,0,0]} 1. d4 {[%emt 0:00:01]} Nf6 {[%emt 0:00:06]} 2. c4 {[%emt 0:00:04]} g6 {[%emt 0:00:17]} 3. Nc3 {[%emt 0:00:03]} Bg7 {[%emt 0:00:04]} 4. e4 {[%emt 0:00:03]} d6 {[%emt 0:00:02]} 5. Nf3 {[%emt 0:00:04]} O-O {[%emt 0:00:03]} 6. Be2 {[%emt 0:00:16]} Nbd7 {[%emt 0:00:04]} 7. O-O {[%emt 0:00:04]} e5 {[%emt 0:00:03]} 8. Be3 {[%emt 0:00:04]} Qe7 $1 {[%emt 0:00:03][%mdl 4] is more profitable than 8...c6 at the moment.} 9. d5 {[%emt 0:10:11]} (9. Qc2 $16) 9... c5 {[%emt 0:02:43] E94: King's Indian: Classical: 6 Be2 e5 7 0-0: Various Black 7th moves.} (9... a5 $11 {remains equal.}) 10. a3 {[%emt 0:04:03]} (10. Kh1 $16) 10... Kh8 {[%emt 0:00:06]} (10... Ng4 $14) 11. Bg5 $16 {[%emt 0:19:07]} h6 $146 {[%emt 0:00:09] White is better.} (11... Rg8 12. Ne1 Qf8 13. Qd2 Ne8 14. Be3 f5 15. f4 exf4 16. Bxf4 Ne5 17. Rc1 Nf6 18. exf5 Bxf5 {½-½ (43) Sychev,K (2537)-Jones,G (2682) St Petersburg 2018}) 12. Bh4 {[%emt 0:00:41] White is more active.} (12. Bd2 $16) 12... g5 {[%emt 0:00:26]} 13. Bg3 {[%emt 0:00:04]} Nh5 {[%emt 0:00:04]} 14. Ne1 {[%emt 0:04:28]} (14. Nd2 $16 Nxg3 {EW: So much for the "TA" facility in ChessBase.} ({EW: Any King's Indian player from the 60s would play} 14... Nf4 15. Bg4 Nf6 16. Bxc8 Raxc8 $16 {might be better than some other times, but in general it's better *not* to double White's pawns (and give them a half-open file a/o another pawn to control squares).}) 15. hxg3 (15. fxg3 Nf6 $14)) 14... Nf4 {[%emt 0:00:08]} (14... Nxg3 $1 $14 15. fxg3 f5) 15. b4 {[%emt 0:02:39]} (15. Bg4 $16) 15... b6 {[%emt 0:01:49]} ({Black should play} 15... f5 $1 $15 16. exf5 e4) 16. Nc2 {[%emt 0:05:40]} (16. Bg4 $14) 16... f5 $1 $36 {[%emt 0:03:32][%mdl 2048] Black has the initiative.} 17. f3 {[%emt 0:07:52]} Nxe2+ {[%emt 0:01:31]} 18. Qxe2 {[%emt 0:00:11]} f4 {[%emt 0:00:04]} 19. Be1 {[%emt 0:02:11]} Nf6 {[%emt 0:00:15]} 20. g4 {[%emt 0:01:33]} fxg3 {[%emt 0:00:46]} (20... h5 $11 21. h3 Nh7) 21. hxg3 {[%emt 0:02:25]} Bh3 {[%emt 0:10:16]} 22. Rf2 {[%emt 0:00:05]} g4 {[%emt 0:12:34]} 23. Ne3 {[%emt 0:00:05][%cal Rf3g4]} Nh5 $2 {[%emt 0:01:50][%mdl 8192]} (23... gxf3 $15 {keeps the upper hand.} 24. Rxf3 Qd7) 24. fxg4 $18 {[%emt 0:01:39]} Nf4 {[%emt 0:07:03]} 25. gxf4 {[%emt 0:05:41]} exf4 {[%emt 0:00:18]} 26. Rh2 {[%emt 0:00:47]} fxe3 {[%emt 0:04:17]} 27. Rxh3 {[%emt 0:00:33]} Qg5 {[%emt 0:05:37]} 28. Rh5 {[%emt 0:13:33]} (28. Rxe3 Bd4 29. Bd2 Rf4 $19) 28... Qf4 {[%emt 0:01:42]} 29. Rc1 {[%emt 0:10:07]} Rae8 {[%emt 0:03:07]} 30. Rh3 {[%emt 0:02:40]} (30. Rf5 Rxf5 31. exf5 Rg8 $11) 30... Qg5 {[%emt 0:03:50][%cal Of8f2]} 31. Kg2 {[%emt 0:03:17]} (31. Rxe3 Bd4 32. Bd2 Rf4 $11 (32... Bxe3+ 33. Bxe3 Qh4 34. Qg2 $16)) (31. Bg3 $18) 31... Rf4 $11 {[%emt 0:01:15]} 32. Rg3 {[%emt 0:00:04]} (32. Qxe3 $2 Bd4 33. Qd3 (33. Qg3 $2 Rxg4 {[%mdl 64] Pin} 34. Rd1 Be5 $19 {[%mdl 64] Pin}) 33... Rxg4+ (33... Qxg4+ $2 34. Qg3 $18) 34. Rg3 Qxc1 $19 (34... Rxg3+ $2 35. Bxg3 Qxc1 36. Ne2 $19)) ({Better is} 32. bxc5 $11 Ref8 33. Nd1 (33. Qxe3 $2 Rxg4+ $19) 33... Rxg4+ 34. Rg3 Rxg3+ 35. Bxg3) 32... Ref8 $2 {[%emt 0:00:47]} (32... Bd4 $16) 33. Qxe3 $4 {[%emt 0:01:07][%mdl 8192]} (33. bxc5 $2 Rf2+ 34. Bxf2 Rxf2+ $17) (33. Nd1 $18) 33... Bd4 $19 {[%emt 0:00:15]} 34. Qe2 {[%emt 0:01:58] [#] Strongly threatening Rd1.} Rf2+ $1 {[%emt 0:00:13][%mdl 512]} 35. Bxf2 {[%emt 0:00:57]} Rxf2+ {[%emt 0:00:07]} 36. Qxf2 {[%emt 0:00:08]} Bxf2 {[%emt 0:00:08]} 37. Kxf2 {[%emt 0:00:19]} Qxc1 {[%emt 0:00:03]} 38. bxc5 {[%emt 0:01:12]} bxc5 {[%emt 0:00:30][%mdl 4096] Endgame KQ-KRN} 39. Nb5 {[%emt 0:00:20]} (39. Re3 $142) 39... Qxc4 {[%emt 0:00:32]} (39... Qc2+ $142 40. Kg1 Qxc4) 40. Nxd6 {[%emt 0:00:18]} Qd4+ {[%emt 0:01:00]} (40... Qa2+ $1 $17 41. Kf3 c4 (41... Qxa3+ 42. Kf4 $11)) 41. Re3 $11 {[%emt 0:00:30]} c4 {[%emt 0:01:22]} 42. Nf5 {[%emt 0:02:25][%csl LRd4,LRh6]} Qd2+ {[%emt 0:00:14]} 43. Re2 {[%emt 0:00:08]} (43. Kf3 $11 {might be stronger.}) 43... Qf4+ $15 {[%emt 0:00:20][%mdl 1024] Black has compensation.} 44. Ke1 {[%emt 0:00:34]} c3 {[%emt 0:01:03]} (44... Qxg4 45. Kd2 $17) (44... Qc1+ $15 45. Kf2 Qf4+ (45... Qxa3 46. d6 $11) 46. Ke1 c3) 45. d6 $2 {[%emt 0:01:56][%mdl 8192]} (45. Re3 $17) 45... Qc1+ {[%emt 0:06:38]} 46. Kf2 {[%emt 0:00:04]} Qd1 $2 {[%emt 0:01:03]} (46... Qxa3 47. d7 Qc5+ 48. Re3 $11) (46... Qf4+ 47. Ke1 Qxg4) 47. Ne3 $2 {[%emt 0:01:07]} (47. d7 {was the crucial defense.}) 47... Qxd6 $19 {[%emt 0:00:13]} 48. Rc2 {[%emt 0:00:03]} Qxa3 {[%emt 0:00:45]} 49. Ke2 {[%emt 0:00:57]} Qa6+ {[%emt 0:00:22]} 50. Kf3 {[%emt 0:00:08]} Qf6+ {[%emt 0:00:18]} 51. Nf5 {[%emt 0:00:22]} Qc6 {[%emt 0:03:29]} 52. Ne3 {[%emt 0:00:05]} Qf6+ {[%emt 0:01:18]} 53. Nf5 {[%emt 0:00:02]} a5 {[%emt 0:00:16]} 54. Ke3 {[%emt 0:00:01]} a4 {[%emt 0:00:41]} 55. Kd3 {[%emt 0:00:01]} a3 {[%emt 0:00:34]} 56. Ra2 {[%emt 0:00:38]} Qc6 {[%emt 0:04:49][%cal Oc3c2]} 57. Nd4 {[%emt 0:00:45]} Qc5 {[%emt 0:00:32]} 58. Nc2 {[%emt 0:00:46]} Qf2 {[%emt 0:00:50]} ({Not} 58... Qd6+ 59. Kxc3 Qg3+ 60. Kd2 $15) 59. Kxc3 {[%emt 0:00:08]} Qf3+ {[%emt 0:00:03]} 60. Kd2 {[%emt 0:00:34]} Qxg4 {[%emt 0:00:27]} 61. Rxa3 {[%emt 0:00:07]} Qxe4 {[%emt 0:00:06]} 62. Re3 {[%emt 0:00:13]} Qd5+ $1 {[%emt 0:00:27]} 63. Ke1 {[%emt 0:00:44]} Qg2 $2 {[%emt 0:00:22]} (63... Qh1+ $19 64. Ke2 Qg2+ 65. Kd3 Qf1+ 66. Re2 h5) 64. Re2 $2 {[%emt 0:00:02][%mdl 8192]} (64. Nd4 $11) 64... Qg1+ $1 {[%emt 0:00:03]} 65. Kd2 {[%emt 0:00:04]} h5 $1 {[%emt 0:00:09]} 66. Ne1 {[%emt 0:00:56]} Qg5+ {[%emt 0:00:34]} (66... Qd4+ $142 67. Nd3 h4 68. Re8+ Kg7) 67. Re3 {[%emt 0:00:35]} h4 {[%emt 0:01:55]} 68. Ke2 {[%emt 0:00:04]} Qg1 $2 {[%emt 0:02:31]} (68... Qg4+ $19 69. Rf3 h3) 69. Rf3 $2 {[%emt 0:01:00][%mdl 8192]} (69. Re8+ $15 Kg7 70. Nf3) 69... Qg4 $1 {[%emt 0:03:42]} 70. Nd3 {[%emt 0:00:53]} h3 {[%emt 0:01:40]} 71. Nf2 {[%emt 0:00:40] [#]} Qc4+ $2 {[%emt 0:00:04]} (71... Qe6+ $1 $19 72. Kf1 Qc4+ (72... h2 73. Kg2 $19) 73. Ke1 Qb4+ 74. Kf1 Qb5+ (74... Qb1+ $2 75. Ke2 $19) 75. Rd3 Kg7 (75... Qb1+ 76. Ke2 $17)) 72. Ke1 $2 {[%emt 0:01:03][%mdl 8192]} (72. Ke3 $11) 72... Qb4+ {[%emt 0:00:30]} 73. Ke2 {[%emt 0:01:48] [#]} Qb2+ $2 {[%emt 0:00:14]} (73... Qb5+ $1 $19 74. Kd2 Qa5+ 75. Ke2 Qa6+ 76. Ke1 Qa1+ (76... Qe6+ $2 77. Kf1 $19) 77. Ke2 Qe5+ 78. Kf1 Qb5+ (78... Qa1+ $2 79. Ke2 $19) 79. Rd3 Kg8 (79... Qb1+ $2 80. Ke2 $19)) 74. Kd3 $11 {[%emt 0:00:40]} Qb5+ {[%emt 0:00:45]} 75. Ke4 $1 {[%emt 0:00:34]} Qe8+ 76. Kf5 $2 {[%emt 0:01:24][%mdl 8192]} (76. Kf4 $11) 76... Qd7+ $2 {[%emt 0:01:31]} (76... Qh5+ $19 77. Kf4 h2 (77... Qh4+ $2 78. Ke5 $19)) 77. Ke4 $2 {[%emt 0:00:35][%mdl 8192]} (77. Kf4 $11) 77... Qh7+ $19 {[%emt 0:00:08]} 78. Ke3 {[%emt 0:00:13]} h2 {[%emt 0:00:18]} 79. Nh1 {[%emt 0:00:16]} Qb1 {[%emt 0:01:25]} 80. Rh3+ {[%emt 0:00:22]} Kg7 {[%emt 0:00:03] ( -> ...Qb3+)} 81. Ng3 {[%emt 0:01:15]} Kg6 {[%emt 0:02:42]} 82. Kf3 {[%emt 0:00:08]} Qd1+ $2 {[%emt 0:00:16]} (82... Qb2 $19 83. Rh5 Kf7) 83. Kg2 $11 {[%emt 0:00:28] The position is equal.} Qg1+ {[%emt 0:00:04]} 84. Kf3 {[%emt 0:00:03]} Kf6 {[%emt 0:00:51]} 85. Ne4+ {[%emt 0:00:34]} Ke5 {[%emt 0:00:54]} 86. Nf2 {[%emt 0:00:13]} Kd4 {[%emt 0:00:25]} 87. Rh4+ {[%emt 0:00:42]} Kc3 {[%emt 0:00:01]} 88. Rh8 {[%emt 0:00:21]} Kd2 {[%emt 0:00:15] and ...Ke1 should not be overlooked} 89. Rd8+ {[%emt 0:00:08]} Kc2 {[%emt 0:00:10]} 90. Rc8+ {[%emt 0:00:14]} Kb3 {[%emt 0:00:07]} 91. Rb8+ {[%emt 0:00:04]} Kc4 {[%emt 0:00:01]} 92. Rc8+ {[%emt 0:00:05]} Kd5 {[%emt 0:00:04]} 93. Rh8 {[%emt 0:00:06]} Ke5 {[%emt 0:00:39]} 94. Rxh2 {[%emt 0:00:25][%mdl 64] Decoy} Qxh2 {[%emt 0:00:08]} 95. Ng4+ {[%emt 0:00:03]} Kf5 {What a bad dream for Black.   Weighted Error Value: White=0.83/Black=0.65} 96. Nxh2 {[%emt 0:00:05]} 1/2-1/2